000 00914nam a22002897a 4500
005 20220817043056.0
008 971010s1989 r 00010 d
010 _a64823
011 _a65795
035 _a73182
082 _a634
_bC34 1989
100 0 0 _aCalderón Alcaraz, Esteban.
_917368
245 _aFruticultura general
_b: el esfuerzo del hombre
250 _a3 ed
260 _aMéxico, D. F. :
_bLimusa,
_c1989
300 _a763 p
500 _a1992/169
590 _aBATCH-UPD
_b10
_c20130110
_lUCH01
_h2003
590 _aBATCH-UPD
_b10
_c20130410
_lUCH01
_h1323
590 _aBATCH-UPD
_b10
_c20130914
_lUCH01
_h1448
590 _aCONVERSION
_b10
_c20130109
_lUCH01
_h1335
650 1 4 _aArboles frutales.
650 1 4 _aFruticultura.
_943684
901 _aBK
949 _a634 C34 1989
_bDCF
_cLIBRO
_d-59503
_eLIBRO
_fc.2
_h3907
_i73182
_si
949 _a634 C34 1989
_bDCF
_cLIBRO
_d-5954
_eLIBRO
_h4018
_i73182
_si
999 _c64823
_d64823